| 000 | 00886aaa a2200217 a 4500 | ||
|---|---|---|---|
| 001 | 78676 | ||
| 003 | BD-RjUL | ||
| 005 | 20211209083148.0 | ||
| 008 | 211101s1998 su ||||| |||| 00| 0 ara d | ||
| 035 | _a(BD-RjUL)78902 | ||
| 040 |
_aBD-RjUL _beng _cBD-RjUL |
||
| 041 | _aara | ||
| 082 |
_223 _a892.71092 _bSEH 1998 |
||
| 100 |
_aسليم، محمد ابراهيم ;; Selim, Mohamed Ibrahim _9249499 |
||
| 245 | 1 | 0 |
_aحسان بن ثابت الانصاري : شاعر الرسول.;; hasaan bin thabit aliansarii : shaeir alrasuli. / _cمحمد ابراهيم سليم حسان بن ثابت ;; Muhammad Ibrahim Salim Hassan bin Thabet |
| 260 |
_aالمدينه : _bدار الطلائع للنشر والتوزيع والتصدير، _c1998 |
||
| 300 |
_a96 p. ; _c22 cm |
||
| 600 |
_aHassan ibn Thabit _d d. 674. _9249518 |
||
| 650 |
_aCompanions (Sahaba) _9236888 |
||
| 942 |
_2ddc _cBK |
||
| 999 |
_c78676 _d78676 |
||